000 01370nam0a2200301 4500
001 RU\NLR\bibl\1418331
005 20250615213744.0
010 _a978-5-903321-76-6
021 _aRU
_b2009-59837
_93695
035 _a(NLR Aleph) 001410284
090 _a1278078
_c1278078
100 _a20091001d2009 |||y0rusy50 ca
101 0 _arus
102 _aRU
105 _ay |||||||||
200 1 _aКончился свет
_fТатьяна Щекина
210 _aМосква
_cБиблиотека журнала "Дети Ра"
_d2009
215 _a78, [1] с.
_d21
225 1 _aБиблиотека журнала "Дети Ра"
_eпоэтическая серия
_vкн. 8
327 1 _aСодерж.: циклы: Процарапывание; Амилазы слюны; Иглокожие куски; Щели; Мир, который мы увидим второй раз; Капсула; Каноны; Сближение; Первая часть; Цефеиды; Без названия; Вывихи
_aВ кн. также: Одиночество в жанре депрессии / Николай Востриков
686 _aШ6(2=Р)75-5
700 1 _aЩекина
_bТ.
_f1956-2006
_gТатьяна
_4070
801 0 _aRU
_bNLR
_c20091001
_gRCR
801 1 _aRU
_bNLR
_c20091001
942 _cBOOK
980 _aNB